00793cam a2200217 a 450000100100000000500170001000800410002702000150006804000290008308200190011210000310013124500640016226000500022630000350027650400320031165000490034391000340039204900090042695201230043599900170055800001163920200929162518.0850716s1985 txua b 001 0 eng  a0256031681 aDO-SdBNPbengcLCdBNPHU a658.022bS698s1 aSondeno, Stanley R.92756610aSmall business management principles /cStanley R. Sondeno. aPlano, Texas :bBusiness Publications,c1985. axviii, 505 p. :bil. ;c24 cm. aBibliografía: p. 498-500. 4aNegocios pequeñosxAdministración927567 aCatalogación por copia / LC aBNGR 001052708MOaGRbGRcCTd2009-10-22iLF1l0o658.022 S698sp11639-10r2020-06-25w2020-06-25y2ZPréstamo interno c11331d11331